000 00440nam a2200193Ia 4500
005 20240823015143.0
008 240823s9999||||xx |||||||||||||| ||und||
041 _aENGLISH
082 _A658.1
100 _aKapoor O P
245 0 _aBusiness Organisation
250 _a1st
260 _bDhanpat Rai &
_aDelhi
500 _aYES
650 _aBusiness
_bManagement Studies
700 _a Narang S D
942 _cBK
999 _c171761
_d171761